000 00707cam a2200193 i 4500
005 20251117083053.0
008 250721s2003 ua gr 000 0 ara d
020 _a9772503093
082 1 4 _a210.3
_bع ب ا
100 1 _aالجرجاني، علي بن محمد بن علي.
_eمؤلف.
245 1 2 _aالتعريفات /
_cتأليف الشريف علي بن محمد علي الجرجاني الحنفي.
264 3 1 _aالقاهرة :
_bمكتبة القرآن للطبع والنشر والتوزيع،
_c2003.
300 _a255 صفحة.
650 1 7 _aالإسلام.
650 1 7 _aالموسوعات.
650 1 7 _aعلم المعاجم.
942 _2ddc
_cBK
999 _c87835
_d87835